004270000a220007300045001000032000002450255000323000052002877730014003391 aCaballero, Antonio (1945- )10aCuatro siglos de paradoja : Hace 450 años sólo eran seis. Hoy, los jesuitas son más de treinta mil, de China a la Patagonia. Editan un millar de periódicos, tienen más de ocho mil misiones y están en las academias, hospitales y cárceles aVol. 96, Num. 96 (Abril, 1995), PáginaS 44-460 tCambio 16